Вып. 26; Теоретическая электротехника

গ্রন্থ-পঞ্জীর বিবরন
Parent link:Теоретическая электротехника: республиканский межведомственный научно-технический сборник/ Львовский государственный университет. Вып. 26.— , 1966-1991
অন্যান্য লেখক: Максимович Н. Г. Николай Григорьевич (редактор)
ভাষা:রুশ
প্রকাশিত: 1979
বিষয়গুলি:
বিন্যাস: গ্রন্থ
KOHA link:https://koha.lib.tpu.ru/cgi-bin/koha/opac-detail.pl?biblionumber=329671

MARC

LEADER 00000nam2a2200000 4500
001 329671
005 20231102004202.0
020 |a RU  |b 86-33088ж 
035 |a (RuTPU)RU\TPU\book\355431 
035 |a RU\TPU\book\355427 
090 |a 329671 
100 |a 20170317d1979 k y0rusy5003 ca 
101 0 |a rus 
102 |a UA 
105 |a a z 001zy 
200 0 |a Вып. 26  |f отв. ред. Н. Г. Максимович 
210 |d 1979 
215 |a 166 с.  |c ил. 
320 |a Библиография в конце статей 
461 1 |0 (RuTPU)RU\TPU\book\250807  |t Теоретическая электротехника  |o республиканский межведомственный научно-технический сборник  |f Львовский государственный университет  |v Вып. 26  |d 1966-1991 
606 |a Электротехника теоретическая  |2 stltpush  |3 (RuTPU)RU\TPU\subj\20909  |9 45970 
610 1 |a нелинейные цепи 
610 1 |a линейные цепи 
610 1 |a теория 
610 1 |a анализ 
610 1 |a расчет 
610 1 |a машинные методы 
610 1 |a измерители 
610 1 |a демодуляторы 
610 1 |a помехи 
610 1 |a фазовая синхронизация 
610 1 |a математическое моделирование 
610 1 |a импульсные сигналы 
675 |a 621.3.01  |z rus  |v 3 
702 1 |a Максимович  |b Н. Г.  |g Николай Григорьевич  |4 340 
801 0 |a RU  |b RuMRKP  |c 19950704  |g psbo 
801 1 |a RU  |b 63413507  |c 20141215 
801 2 |a RU  |b 63413507  |c 20170321  |g RCR 
942 |c BK